00389nam a2200121 a 45000010005000000030005000050050017000100080041000270400020000681000023000882450129001112600027002401548CDMR20130319173215.0130130s1961||||||||||||||||||||||||||||d aCDMRbcatcCDMR1 aAbadal, Ramón d'10aHistòria dels catalansbVolum II. La pre-Catalunya (segles VIII, IX i XI). Baixa Edat Mitjana (segles XII, XIII, XIV i XV) aBarcelonac1961bAriel